书目信息 |
| 题名: |
人生难忘一瞬间
|
|
| 作者: | 姚登峰 著 ;杜在新 著 ;北京夕阳红文化发展有限公司 著 | |
| 分册: | 第6卷 | |
| 出版信息: | 北京 作家出版社 2008.12 |
|
| 页数: | 177页 | |
| 开本: | 28cm | |
| 丛书名: | ||
| 单 册: | ||
| 中图分类: | I267.1 , G762 | |
| 科图分类: | ||
| 主题词: | 报告文学--中国--现代 , 聋哑教育 , 聋哑教育--经验 , 散文--中国 , 散文--作品综合集--中国 | |
| 电子资源: | ||
| ISBN: | 978-7-5063-4298-8 | |
| 000 | 01378nam0 2200337 450 | |
| 001 | 1140816404 | |
| 005 | 20111231112247.95 | |
| 010 | @a978-7-5063-4298-8@dCNY380.00 | |
| 090 | @aI253.4@bydf | |
| 096 | @aK828@bydf | |
| 100 | @a20090212d2008 em y0chiy50 ea | |
| 101 | 0 | @achi |
| 102 | @aCN@b110000 | |
| 105 | @aa z 000zy | |
| 200 | 1 | @a人生难忘一瞬间@Aren sheng nan wang yi shun jian@b专著@e从无声世界走来的北大学子@h第6卷@f北京夕阳红文化发展有限公司著@Fbei jing xi yang hong wen hua fa zhan you xian gong si zhu@9deng feng |
| 210 | @a北京@c作家出版社@d2008.12 | |
| 215 | @a177页@c照片@d28cm | |
| 330 | @a本书由母亲杜在新和儿子姚登峰合著,是描述姚登峰从一岁时就成了一个双耳几乎全聋的孩子,经过十多年的康复教育,到最后考上了北京大学研究生,现在成了一名大学老师的纪实文学作品。 | |
| 517 | 1 | @a从无声世界走来的北大学子@9cong wu sheng shi jie zou lai de bei da xue zi |
| 606 | 0 | @a报告文学@y中国@z现代 |
| 606 | 0 | @a聋哑教育 |
| 606 | 0 | @a聋哑教育@x经验 |
| 606 | 0 | @a散文@x中国 |
| 606 | 0 | @a散文@x作品综合集@x中国 |
| 690 | @aI267.1@v4 | |
| 690 | @aG762@v4 | |
| 701 | 0 | @a姚登峰@c(1979~)@4著@9yao deng feng |
| 702 | 0 | @a杜在新@c(女,@f1952~)@4著@9du zai xin |
| 711 | 02 | @a北京夕阳红文化发展有限公司@Abei jing xi yang hong wen hua fa zhan you xian gong si@4著 |
| 801 | 0 | @aCN@b大连网信软件有限公司图书馆·11@c20111231 |
| 905 | @aZUCC@dI267.1@eY350 | |
| 人生难忘一瞬间:从无声世界走来的北大学子.第6卷/北京夕阳红文化发展有限公司著.-北京:作家出版社,2008.12 |
| 177页:照片;28cm |
| ISBN 978-7-5063-4298-8:CNY380.00 |
| 本书由母亲杜在新和儿子姚登峰合著,是描述姚登峰从一岁时就成了一个双耳几乎全聋的孩子,经过十多年的康复教育,到最后考上了北京大学研究生,现在成了一名大学老师的纪实文学作品。 |
| ● |
| 相关链接 |
|
|
|
正题名:人生难忘一瞬间
索取号:I267.1/Y350
 
预约/预借
| 序号 | 登录号 | 条形码 | 馆藏地/架位号 | 状态 | 备注 |
| 1 | 467546 | 204675468 | 文学库116/116文学库 11排2列4层/ [索取号:I267.1/Y350] | 在馆 | |
| 2 | 467547 | 204675477 | 文学库116/116文学库 11排2列4层/ [索取号:I267.1/Y350] | 在馆 |